000 00822pam a2200253 a 4500
001 2239
005 20231113130015.0
040 _aDLC
_cDLC
_dDLC
_beng
050 0 0 _aPZ7.B98225
_bMy 1992
082 0 0 _a823.914
_220
100 1 _aButterworth, Nick
245 1 0 _aMy dad is awesome /
_cby Nick Butterworth.
250 _aFirst U.S, edition 1992
260 _aCambridge :
_bCandlewick Press,
_c1992
300 _a23 unnumbered pages :
_bIllustrations
_c20 cm
500 _a"First published in Great Britain in 1989 by Walker Books Ltd., London"--P. facing t.p.
505 _aF
520 _aA young boy extols the virtues of his father.
521 _a400
_bLexile estimate
521 _aF
_bRaz-Plus
650 1 _aFathers and sons
_xFiction.
906 _a7
_bcbc
_corignew
_d1
_eocip
_f19
_gy-gencatlg
942 _2ddc
_cBK
_n0
999 _c2239
_d2239